Economics Of Money, Banking And Financial Markets (Record no. 359516)

MARC details
000 -LEADER
fixed length control field 00384 a2200157 4500
005 - DATE AND TIME OF LATEST TRANSACTION
control field 20240822154841.0
008 - FIXED-LENGTH DATA ELEMENTS--GENERAL INFORMATION
fixed length control field 240822b |||||||| |||| 00| 0 eng d
020 ## - INTERNATIONAL STANDARD BOOK NUMBER
International Standard Book Number 9789353069674
041 ## - LANGUAGE CODE
Language code of text/sound track or separate title English
100 ## - MAIN ENTRY--PERSONAL NAME
Author Mishkin S.
245 ## - TITLE STATEMENT
Title Economics Of Money, Banking And Financial Markets
250 ## - EDITION STATEMENT
Edition statement 11th
260 ## - PUBLICATION, DISTRIBUTION, ETC.
Name of publisher, distributor, etc. Pearson
Date of publication, distribution, etc. 2019
300 ## - PHYSICAL DESCRIPTION
Extent 724
942 ## - ADDED ENTRY ELEMENTS (KOHA)
Koha item type Books
Holdings
Withdrawn status Lost status Source of classification or shelving scheme Damaged status Not for loan Home library Current library Date acquired Vendor Net Price Total Checkouts Full call number Barcode Date last seen Date last checked out Actual Price Bill Date Koha item type
    Dewey Decimal Classification     Cummins College of Engineering for Women Pune Cummins College of Engineering for Women Pune 22/08/2024 40 1057.00 1 332.4 MIS CCEP-BK-67218 26/11/2024 23/08/2024 1057.00 22/08/2024 Books